000 01111nam a2200337 4500
001 29
003 OSt
005 20250207104135.0
008 250121b |||||||g |||| 00| j eng d
020 _a8501036048
040 _bpor
041 _heng
_apor
082 _a813
_bA832s
100 1 _aAsimov, Isaac,
_d1920-1992.
_975
240 _aRobot Dreams
245 _aSonhos de robô /
_cAsimov, Isaac ; Tradução de Braulio Tavares e Anna Beatriz Sach
260 _aRio de Janeiro
_bRecord
_c1991
300 _a460 p.
520 _a"Sonhos de robôs" é um livro de contos de ficção científica escrito por Isaac Asimov em 1986. Ele reúne 20 contos antigos de Asimov, além de um escrito especialmente para este livro.
650 0 _aLiteratura Americana
_984
650 0 _aHistorias curtas
_967
650 0 _aFilme
_926
650 0 _aSeres de outro planeta
_9222
650 0 _aFicção Científica
_963
650 0 _aDistopias
_976
650 0 _aClássicos
_977
655 0 _aConto
_968
700 _aBraulio Tavares
_eTradutor
_978
700 _aAnna Beatriz Sach
_eTradutor
_979
942 _2ddc
_n0
_cBK
999 _c29
_d29